000 00830cam a2200253 a 4500
001 4488978
003 Ke-BoTe
005 20220610124258.0
008 970602s1997 tnu b 000 0 eng
010 _a 97017803
020 _a0785272399
040 _aDLC
_cDLC
_dDLC
050 0 0 _aBV4527
_b.H42 1997
082 0 0 _a248.8/43
_221
100 1 _aHeald, Cynthia.
_9516
245 1 2 _aA woman's journey to the heart of God /
_cCynthia Heald.
260 _aNashville :
_bT. Nelson,
_cc1997.
300 _axiv, 239 p. ;
_c24 cm.
504 _aIncludes bibliographical references (p. 235-239).
650 0 _aChristian women
_xReligious life.
_91708
906 _a7
_bcbc
_corignew
_d1
_eocip
_f19
_gy-gencatlg
942 _2lcc
_cBK
_n0
999 _c3875
_d3875